000 00629nam a22002417a 4500
003 UA-OsUOA
001 100311
007 ta
008 20130527b un ||||| |||| 00| 0 ukr d
100 _aШкуринов П. С.
090 _a140.8
_bШ67
942 _cBK
040 _aUA-OsUOA
_brus
_cUA-OsUOA
_dUA-OsUOA
245 _aА. Н. Радищев. Философия человека
_bмонография
300 _a224 с.
955 _a1
041 _arus
080 _a140.8
020 _a5-211-00008-0
260 _aМ.
_bМГУ
_c1988
650 7 _a1 Філософські науки
_2UDC
999 _c386549
_d386549